Najbardziej zalesione kraje UE - Statystyki

Ogólne statystyki
  • Ten quiz został rozwiązany 144 razy
  • Średni wynik to 10 z 15
Statystyki odpowiedzi
Zalesienie Państwo % Poprawnych
73,1% Finlandia
90%
68,4% Szwecja
90%
40,3% Słowacja
76%
31,6% Włochy
75%
34,5% Czechy
74%
34,8% Litwa
74%
49,3% Estonia
72%
54,0% Łotwa
72%
36,9% Hiszpania
69%
46,9% Austria
68%
62,0% Słowenia
63%
35,3% Portugalia
59%
34,3% Chorwacja
58%
35,2% Bułgaria
57%
33,5% Luksemburg
38%
Nie znaleziono quizów pasujących do podanych kryteriów
Rozkład punktacji
Procent ludzi z każdym wynikiem
Percentyl według liczby udzielonych odpowiedzi
Twoja historia wyników
Nie rozwiązałeś tego quizu